| 000 | 00466nam a2200181Ia 4500 | ||
|---|---|---|---|
| 008 | 230711s9999||||xx |||||||||||||| ||und|| | ||
| 020 | _a978-93-88991-01-8 | ||
| 041 | _aENG | ||
| 082 |
_a4.676 _bVA-I |
||
| 100 | _aVasudevan, Shriram K | ||
| 245 | 0 | _aInternet of Things | |
| 250 | _a2nd Reprint Ed. | ||
| 260 |
_c2022 _aNew Delhi _bJohn Wiley & Sons.Inc |
||
| 300 | _a308p. | ||
| 650 | _aElectronics Engineering | ||
| 700 | _aNagarajan, Abhishek S | ||
| 942 | _cBK | ||
| 999 |
_c6972 _d6972 |
||